| 000 | nam a22 a 4500 | ||
|---|---|---|---|
| 999 |
_c3004 _d3004 |
||
| 005 | 20170519085719.0 | ||
| 008 | 170519b2010 cau||||| |||| 00| 0 eng d | ||
| 020 | _a9780470432389 | ||
| 040 | _aAKMAL | ||
| 082 | _a658.0092 BEN | ||
| 090 |
_a658.0092 _bBEN |
||
| 100 |
_aBennis, Warren G. _96279 |
||
| 245 |
_aStill surprised _ba memoir of a life in leadership / _cWarren Bennis, Patricia Ward Biederman. |
||
| 260 |
_aSan Francisco, Calif _bJossey-Bass _cc2010. |
||
| 260 |
_aChichester _bJohn Wiley [distributor] _cc2010. |
||
| 300 |
_a xviii, 236 p., [16] p. of plates _bill. _c24cm |
||
| 490 | _aWarren Bennis signature series | ||
| 500 | _aFormerly CIP. | ||
| 600 |
_aBennis, Warren G. _96279 |
||
| 650 |
_aExecutives _vBiography. _zUnited States _96280 |
||
| 650 |
_aLeadership. _9120 |
||
| 650 |
_aManagement. _91462 |
||
| 700 |
_aBiederman, Patricia Ward. _96281 |
||
| 942 |
_2ddc _cBOOK |
||